000 00498nam a2200217Ia 4500
003 OSt
005 20220918204222.0
006 a|||||r|||| 00| 0
007 ta
008 220917b |||||||| |||| 00| 0 eng d
024 _a111,540
037 _cTextual
040 _aARTS
_cARTS
_beng
041 _2eng
_aeng
082 _aV51:72, K3
245 0 _aOn the Knossos tablets
260 _c1963
650 _aHISTORY
942 _hV51:72, K3
_cTEXL
_2CC
999 _c234889
_d234889